[Event "Fyn-ch"]
[Site "Odense"]
[Date "2010.03.11"]
[Round "6"]
[White "Munk, Kris"]
[Black "Nielsen, Chresten"]
[Result "1-0"]
[WhiteElo "2017"]
[BlackElo "1892"]
[PlyCount "75"]
[EventDate "2010.01.14"]
[EventType "swiss"]
[EventRounds "7"]
[EventCountry "DEN"]
[SourceTitle "EXT 2018"]
[Source "ChessBase"]
[SourceDate "2017.10.13"]
[SourceVersion "1"]
[SourceVersionDate "2017.10.13"]
[SourceQuality "1"]

1. e4 e5 2. d4 exd4 3. Nf3 Nc6 4. Bc4 d6 5. Nxd4 Nxd4 6. Qxd4 Qf6 7. Be3 Qxd4 8. Bxd4 Be6 9. Bb3 Ne7 10. Nd2 Nc6 11. Bc3 Bxb3 12. axb3 a6 13. 0-0 h5 14. Nc4 Rg8 15. Ne3 Ne7 16. b4 Rc8 17. f4 g5 18. f5 Nc6 19. Nd5 Be7 20. Bf6 Kf8 21. Bc3 Ne5 22. f6 Bd8 23. Bxe5 dxe5 24. Rf5 c6 25. Ne7 Bxe7 26. fxe7+ Kxe7 27. Raf1 f6 28. Rxf6 Rcf8 29. Rh6 Rxf1+ 30. Kxf1 Rf8+ 31. Ke2 Rf4 32. Ke3 h4 33. Rh7+ Rf7 34. Rxf7+ Kxf7 35. Kf3 Kf6 36. Kg4 Kg6 37. c4 b6 38. c5 1-0